| 000 | 00366 a2200157 4500 | ||
|---|---|---|---|
| 001 | 63867 | ||
| 010 | _a82085 | ||
| 020 | _a9788126139835 | ||
| 082 | _a811.5 ELI | ||
| 090 |
_c37781 _d37781 |
||
| 100 | _aEliot T.S | ||
| 245 | _aThe Waste Land and Other Poems | ||
| 260 |
_aNew Delhi _bAnmol Publications _c2009 |
||
| 300 | _a210 P | ||
| 650 | _aAditya Nandwani | ||
| 942 |
_acae nust _k811.5 ELI |
||
| 999 |
_c298940 _d298940 |
||